[Event "Ufa-ch sf3"]
[Site "Ufa"]
[Date "2012.09.22"]
[Round "7.1"]
[White "Abelguzin, Dinar"]
[Black "Khairullin, Radik"]
[Result "1-0"]
[WhiteElo "2016"]
[BlackElo "2060"]
[PlyCount "34"]
[EventDate "2012.09.16"]
[EventType "swiss"]
[EventRounds "9"]
[EventCountry "RUS"]
[SourceTitle "EXT 2022"]
[Source "ChessBase"]
[SourceDate "2021.10.06"]
[SourceVersion "1"]
[SourceVersionDate "2021.10.06"]
[SourceQuality "1"]

1. e4 e6 2. d4 d5 3. Nc3 Nf6 4. e5 Nfd7 5. f4 c5 6. Nf3 Nc6 7. Be3 Qb6 8. Qd2 cxd4 9. Nxd4 Nxd4 10. Bxd4 Qc6 11. Bb5 Qc7 12. 0-0 a6 13. Bxd7+ Bxd7 14. f5 Bc5 15. Rae1 Rf8 16. fxe6 fxe6 17. Rxf8+ Kxf8 1-0

[Event "Ufa-ch sf3"]
[Site "Ufa"]
[Date "2012.09.21"]
[Round "6.3"]
[White "Khairullin, Radik"]
[Black "Selegenenko, Vladimir"]
[Result "1/2-1/2"]
[WhiteElo "2060"]
[BlackElo "2035"]
[PlyCount "93"]
[EventDate "2012.09.16"]
[EventType "swiss"]
[EventRounds "9"]
[EventCountry "RUS"]
[SourceTitle "EXT 2022"]
[Source "ChessBase"]
[SourceDate "2021.10.06"]
[SourceVersion "1"]
[SourceVersionDate "2021.10.06"]
[SourceQuality "1"]

1. d4 Nf6 2. Nf3 b6 3. c4 e6 4. g3 Bb7 5. Bg2 Be7 6. Bf4 d6 7. 0-0 0-0 8. Nc3 Ne4 9. Rc1 Nxc3 10. Rxc3 Bf6 11. Rd3 Be4 12. Rd2 Qe7 13. Ne1 Bxg2 14. Nxg2 Nd7 15. Qc2 Rfe8 16. Rfd1 e5 17. dxe5 Bxe5 18. Bxe5 Qxe5 19. Ne3 Nf6 20. Nd5 Ne4 21. Nxc7 Qc5 22. Rd4 Nxf2 23. Kxf2 Qxc7 24. Rxd6 Qc5+ 25. R6d4 Re6 26. Qd3 Rae8 27. Rd2 g6 28. Qf3 Qg5 29. Kg2 Re3 30. Qf2 Qe7 31. Kf1 Qe6 32. Rd8 Rxd8 33. Rxd8+ Kg7 34. Rd4 Re5 35. b3 g5 36. Rd3 Kg6 37. Rf3 Re4 38. Rd3 Re5 39. Ke1 Qc6 40. Kd2 f6 41. Qf3 Qc5 42. Qa8 Qf2 43. Qg8+ Kh6 44. Qf8+ Kg6 45. Qg8+ Kh6 46. Qf8+ Kg6 47. Qg8+ 1/2-1/2

[Event "Ufa-ch sf3"]
[Site "Ufa"]
[Date "2012.09.20"]
[Round "5.3"]
[White "Khuzin, Dinislam"]
[Black "Khairullin, Radik"]
[Result "1/2-1/2"]
[WhiteElo "1795"]
[BlackElo "2060"]
[PlyCount "59"]
[EventDate "2012.09.16"]
[EventType "swiss"]
[EventRounds "9"]
[EventCountry "RUS"]
[SourceTitle "EXT 2022"]
[Source "ChessBase"]
[SourceDate "2021.10.06"]
[SourceVersion "1"]
[SourceVersionDate "2021.10.06"]
[SourceQuality "1"]

1. e4 c5 2. Nf3 d6 3. c3 Nf6 4. Be2 Nxe4 5. Qa4+ Nc6 6. Qxe4 d5 7. Qc2 e5 8. d3 f5 9. Bg5 Qc7 10. Nh4 Qf7 11. Qd1 Bd6 12. f4 e4 13. dxe4 fxe4 14. 0-0 d4 15. f5 0-0 16. Nd2 Qe8 17. Bh5 Qe5 18. Rf4 Bxf5 19. Nc4 Qxf4 20. Bxf4 Bxf4 21. Nxf5 Rxf5 22. Qb3 b5 23. Nd6+ c4 24. Nxc4 bxc4 25. Qxc4+ Kh8 26. Qxc6 Raf8 27. g4 Be3+ 28. Kh1 Rf1+ 29. Rxf1 Rxf1+ 30. Kg2 1/2-1/2

[Event "Ufa Kopylov Memorial op-B 7th"]
[Site "Ufa"]
[Date "2010.12.27"]
[Round "8"]
[White "Karimov, Farid"]
[Black "Khairullin, Radik"]
[Result "1-0"]
[WhiteElo "2036"]
[BlackElo "2053"]
[PlyCount "58"]
[EventDate "2010.12.21"]
[EventType "swiss"]
[EventRounds "9"]
[EventCountry "RUS"]
[SourceTitle "EXT 2012"]
[Source "ChessBase"]
[SourceDate "2011.11.24"]
[SourceVersion "1"]
[SourceVersionDate "2011.11.24"]
[SourceQuality "1"]

1. f4 d5 2. Nf3 Nf6 3. e3 e6 4. d4 c5 5. c3 Bd6 6. Bd3 b6 7. Qe2 0-0 8. 0-0 Bb7 9. Bd2 Ne4 10. Ng5 Nd7 11. Nxe4 dxe4 12. Bc4 Qc7 13. a4 a6 14. Na3 Nf6 15. Bb3 Nd5 16. c4 Ne7 17. Nc2 Nc6 18. Bc3 cxd4 19. Nxd4 Ne7 20. Nc2 Nf5 21. Ba2 b5 22. b4 bxc4 23. Qh5 Bd5 24. g4 Ne7 25. f5 f6 26. Rad1 Be5 27. Nd4 Nc6 28. fxe6 Ne7 29. Bb1 Qb6 1-0

[Event "Ufa Kopylov Memorial op-B 7th"]
[Site "Ufa"]
[Date "2010.12.25"]
[Round "5"]
[White "Khairullin, Radik"]
[Black "Valiullin, Artur"]
[Result "1-0"]
[WhiteElo "2053"]
[BlackElo "1860"]
[PlyCount "50"]
[EventDate "2010.12.21"]
[EventType "swiss"]
[EventRounds "9"]
[EventCountry "RUS"]
[SourceTitle "EXT 2012"]
[Source "ChessBase"]
[SourceDate "2011.11.24"]
[SourceVersion "1"]
[SourceVersionDate "2011.11.24"]
[SourceQuality "1"]

1. d4 Nf6 2. c4 c5 3. d5 b5 4. b3 bxc4 5. bxc4 d6 6. Nc3 g6 7. Bb2 Bg7 8. Rb1 0-0 9. e3 Nbd7 10. f4 Nb6 11. Bd3 e6 12. e4 exd5 13. cxd5 Re8 14. Nge2 Ng4 15. Qd2 f5 16. 0-0 Bd4+ 17. Nxd4 cxd4 18. Ne2 fxe4 19. Bb5 Rf8 20. Qxd4 Nf6 21. Nc3 Bf5 22. g4 Bxg4 23. Nxe4 Kg7 24. Nxf6 Rxf6 25. Rbe1 Qc7 1-0

[Event "Ufa op"]
[Site "Ufa"]
[Date "2010.11.21"]
[Round "2"]
[White "Tukhvatullin, Vladislav"]
[Black "Khairullin, Radik"]
[Result "1-0"]
[WhiteElo "2256"]
[BlackElo "2035"]
[PlyCount "85"]
[EventDate "2010.11.20"]
[EventType "swiss"]
[EventRounds "9"]
[EventCountry "RUS"]
[SourceTitle "CBM 139 Extra"]
[Source "ChessBase"]
[SourceDate "2011.01.05"]
[SourceVersion "1"]
[SourceVersionDate "2011.01.05"]
[SourceQuality "1"]

1. e4 c5 2. Nf3 e6 3. d4 cxd4 4. Nxd4 a6 5. Bd3 b5 6. 0-0 d6 7. Re1 Bb7 8. a4 bxa4 9. Nc3 Nd7 10. Nxa4 Ngf6 11. f3 Be7 12. Nb3 0-0 13. Bd2 Qb8 14. Na5 Rc8 15. Ra3 Bd8 16. Nxb7 Qxb7 17. f4 e5 18. Qe2 exf4 19. Bxf4 Ne5 20. Bxe5 dxe5 21. Kh1 a5 22. Rb3 Qc7 23. Nb6 Qxb6 24. Rxb6 Bxb6 25. g4 Nd7 26. Bc4 Rc7 27. Rf1 Nc5 28. Bd5 Rb8 29. Rf5 Re7 30. Qc4 Rf8 31. Qb5 Rb8 32. Qc6 Ba7 33. Qd6 Rbe8 34. Rxf7 Rxf7 35. Qc7 Re6 36. Qc8+ Rf8 37. Bxe6+ Nxe6 38. Qxe6+ Rf7 39. Qe8+ Rf8 40. Qe6+ Rf7 41. Qxe5 Be3 42. Qb8+ Rf8 43. Qb3+ 1-0

[Event "Ufa Siamidi Memorial op"]
[Site "Ufa"]
[Date "2010.10.23"]
[Round "6"]
[White "Baiburin, Ildar"]
[Black "Khairullin, Radik"]
[Result "1/2-1/2"]
[WhiteElo "2065"]
[BlackElo "2035"]
[PlyCount "52"]
[EventDate "2010.10.18"]
[EventType "swiss"]
[EventRounds "9"]
[EventCountry "RUS"]
[SourceTitle "EXT 2011"]
[Source "ChessBase"]
[SourceDate "2010.11.26"]
[SourceVersion "1"]
[SourceVersionDate "2010.11.26"]
[SourceQuality "1"]

1. e4 c5 2. Nf3 d6 3. d4 cxd4 4. Nxd4 Nf6 5. Nc3 e6 6. g4 Nc6 7. g5 Nd7 8. Be3 a6 9. Qd2 Nxd4 10. Bxd4 b5 11. 0-0-0 Bb7 12. Bg2 Nb6 13. f4 Nc4 14. Qf2 Qa5 15. Kb1 0-0-0 16. Ka1 Rd7 17. Ne2 e5 18. fxe5 dxe5 19. Bc3 Rxd1+ 20. Rxd1 b4 21. Qxf7 Qc5 22. Bh3+ Kb8 23. Rd8+ Ka7 24. Be1 Nd6 25. Qf3 Nxe4 26. Rd7 Qxc2 1/2-1/2

[Event "Ufa Siamidi Memorial op"]
[Site "Ufa"]
[Date "2010.10.22"]
[Round "5"]
[White "Khairullin, Radik"]
[Black "Zatokovenko, Igor"]
[Result "0-1"]
[WhiteElo "2035"]
[BlackElo "2273"]
[PlyCount "64"]
[EventDate "2010.10.18"]
[EventType "swiss"]
[EventRounds "9"]
[EventCountry "RUS"]
[SourceTitle "EXT 2011"]
[Source "ChessBase"]
[SourceDate "2010.11.26"]
[SourceVersion "1"]
[SourceVersionDate "2010.11.26"]
[SourceQuality "1"]

1. Nf3 Nf6 2. d4 d5 3. c4 c6 4. cxd5 Qxd5 5. Nc3 Qa5 6. Bd2 Qb6 7. a3 Bg4 8. e3 Nbd7 9. b4 e5 10. dxe5 Nxe5 11. Be2 Nxf3+ 12. gxf3 Be6 13. Na4 Qc7 14. Bc3 Nd5 15. Bd4 b6 16. Qc2 f6 17. Bd3 Bd6 18. h4 Be5 19. Bb2 0-0-0 20. Bxh7 Nxe3 21. Qe4 Bxb2 22. Nxb2 Bd5 23. Qxe3 Rxh7 24. Kf1 Rdh8 25. h5 Kb7 26. Rc1 Rxh5 27. Rxh5 Rxh5 28. f4 Qd7 29. Rc3 Rh1+ 30. Ke2 Rb1 31. Nd3 Qg4+ 32. Kd2 Qd1# 0-1

[Event "Ufa Siamidi Memorial op"]
[Site "Ufa"]
[Date "2010.10.18"]
[Round "1"]
[White "Khairullin, Radik"]
[Black "Pudjakov, Jaroslav"]
[Result "1/2-1/2"]
[WhiteElo "2035"]
[BlackElo "1712"]
[PlyCount "40"]
[EventDate "2010.10.18"]
[EventType "swiss"]
[EventRounds "9"]
[EventCountry "RUS"]
[SourceTitle "EXT 2011"]
[Source "ChessBase"]
[SourceDate "2010.11.26"]
[SourceVersion "1"]
[SourceVersionDate "2010.11.26"]
[SourceQuality "1"]

1. d4 d5 2. c4 c6 3. Nf3 Nf6 4. cxd5 cxd5 5. Nc3 Nc6 6. Bf4 a6 7. e3 e6 8. Rc1 Be7 9. Bd3 Nh5 10. Be5 Nxe5 11. Nxe5 Nf6 12. 0-0 0-0 13. Qb3 Nd7 14. Nxd7 Bxd7 15. Qxb7 Rb8 16. Qa7 Ra8 17. Qb7 Rb8 18. Qxa6 Ra8 19. Qb7 Rb8 20. Qa7 Ra8 1/2-1/2

[Event "Ufa Kopylov Memorial op-B 6th"]
[Site "Ufa"]
[Date "2009.12.24"]
[Round "9"]
[White "Penzin, Vladimir"]
[Black "Khairullin, Radik"]
[Result "0-1"]
[WhiteElo "2027"]
[BlackElo "2035"]
[PlyCount "110"]
[EventDate "2009.12.15"]
[EventType "swiss"]
[EventRounds "9"]
[EventCountry "RUS"]
[SourceTitle "EXT 2012"]
[Source "ChessBase"]
[SourceDate "2011.11.24"]
[SourceVersion "1"]
[SourceVersionDate "2011.11.24"]
[SourceQuality "1"]

1. e4 c5 2. Nf3 d6 3. d4 cxd4 4. Nxd4 Nf6 5. Nc3 a6 6. Be2 e6 7. Be3 Be7 8. g4 b5 9. g5 Nfd7 10. Qd2 Bb7 11. f3 Nb6 12. 0-0-0 N8d7 13. Kb1 Ne5 14. b3 Rc8 15. Rdf1 Qc7 16. Nd1 Ned7 17. h4 d5 18. e5 Nxe5 19. Bf4 Nbd7 20. h5 Bd6 21. g6 hxg6 22. Bxe5 Bxe5 23. hxg6 Rxh1 24. Rxh1 Bf4 25. Qd3 Nf6 26. Rg1 fxg6 27. Qxg6+ Kf8 28. Bd3 Be5 29. Ne2 Rd8 30. f4 Bd6 31. Nd4 Bc8 32. Rh1 Qf7 33. Rh8+ Ng8 34. Qh7 g6 35. Qh4 Re8 36. Ne2 e5 37. fxe5 Bxe5 38. Rh7 Qf1 39. Nec3 Qg1 40. Qb4+ Re7 41. Rxe7 Nxe7 42. Kc1 Bg4 43. Ne2 Qg2 44. Ne3 Qh1+ 45. Kd2 Be6 46. Bxg6 d4 47. Nd1 Qh6+ 48. Ke1 Qxg6 49. Qc5 Qg5 50. Nf2 Qe3 51. Nd3 Bg3+ 52. Kd1 Bg4 53. Ndc1 Qg1+ 54. Kd2 Be1+ 55. Kd3 Qe3# 0-1

[Event "Ufa Kopylov Memorial op-B 6th"]
[Site "Ufa"]
[Date "2009.12.23"]
[Round "8"]
[White "Khairullin, Radik"]
[Black "Yangurazov, Albert"]
[Result "1-0"]
[WhiteElo "2035"]
[BlackElo "1903"]
[PlyCount "55"]
[EventDate "2009.12.15"]
[EventType "swiss"]
[EventRounds "9"]
[EventCountry "RUS"]
[SourceTitle "EXT 2012"]
[Source "ChessBase"]
[SourceDate "2011.11.24"]
[SourceVersion "1"]
[SourceVersionDate "2011.11.24"]
[SourceQuality "1"]

1. e4 d6 2. d4 Nf6 3. Bd3 g6 4. Bg5 h6 5. Bf4 c6 6. h3 Qb6 7. Nf3 Qxb2 8. Nbd2 Bg7 9. Nc4 Qb4+ 10. Bd2 Qa4 11. Rb1 c5 12. Nxd6+ Kf8 13. Bb5 Qxa2 14. Nc4 Bd7 15. Ra1 Qxa1 16. Qxa1 Bxb5 17. Nb6 Na6 18. Nxa8 Nxe4 19. Bf4 g5 20. Bh2 f5 21. Nc7 Nxc7 22. Bxc7 g4 23. hxg4 fxg4 24. Ne5 Kg8 25. Qa2+ Kh7 26. Qe6 Nf6 27. Qf7 Re8 28. Rxh6+ 1-0

[Event "Ufa Kopylov Memorial op-B 6th"]
[Site "Ufa"]
[Date "2009.12.20"]
[Round "5"]
[White "Prigoda, Vladimir"]
[Black "Khairullin, Radik"]
[Result "0-1"]
[WhiteElo "1843"]
[BlackElo "2035"]
[PlyCount "84"]
[EventDate "2009.12.15"]
[EventType "swiss"]
[EventRounds "9"]
[EventCountry "RUS"]
[SourceTitle "EXT 2012"]
[Source "ChessBase"]
[SourceDate "2011.11.24"]
[SourceVersion "1"]
[SourceVersionDate "2011.11.24"]
[SourceQuality "1"]

1. d4 Nf6 2. c4 e6 3. Nc3 d5 4. e3 Be7 5. Nf3 0-0 6. Be2 Nbd7 7. 0-0 dxc4 8. Bxc4 c5 9. d5 Nb6 10. Qb3 exd5 11. Nxd5 Nfxd5 12. Rd1 Nxc4 13. Qxc4 Nb6 14. Qb3 Qc7 15. Bd2 Bg4 16. e4 Rad8 17. Rac1 Nd7 18. Re1 Bxf3 19. Qxf3 Ne5 20. Qc3 Nd3 21. Be3 Nxe1 22. Rxe1 Qd7 23. g3 Qb5 24. b3 b6 25. e5 Rd3 26. Qc2 Rfd8 27. Qe2 c4 28. bxc4 Qxe5 29. Qg4 Bb4 30. Re2 Rd1+ 31. Kg2 Qa1 32. Bg5 Rg1+ 33. Kf3 Rd3+ 34. Be3 Qf6+ 35. Qf4 Qxf4+ 36. Kxf4 Rdd1 37. f3 Rge1 38. Rc2 Bd6+ 39. Ke4 Bc5 40. Rc3 Bxe3 41. Rxe3 f5+ 42. Kf4 g5+ 0-1

[Event "Ufa Siamidi Memorial op"]
[Site "Ufa"]
[Date "2009.10.05"]
[Round "3"]
[White "Dubov, Danil"]
[Black "Khairullin, Radik"]
[Result "1-0"]
[WhiteElo "2113"]
[BlackElo "1980"]
[PlyCount "83"]
[EventDate "2009.10.03"]
[EventType "swiss"]
[EventRounds "9"]
[EventCountry "RUS"]
[SourceTitle "EXT 2011"]
[Source "ChessBase"]
[SourceDate "2010.11.26"]
[SourceVersion "1"]
[SourceVersionDate "2010.11.26"]
[SourceQuality "1"]

1. e4 e6 2. d3 d5 3. Nd2 Nf6 4. Ngf3 c5 5. g3 Nc6 6. Bg2 Be7 7. 0-0 b6 8. Re1 Bb7 9. e5 Nd7 10. Nf1 b5 11. h4 h6 12. h5 Nb6 13. Bf4 Qd7 14. N1h2 d4 15. Nd2 Nd5 16. Ne4 Nxf4 17. gxf4 Nb4 18. a3 Nd5 19. Qg4 Rg8 20. c3 dxc3 21. bxc3 g5 22. fxg5 hxg5 23. Qg3 Nf4 24. Ng4 Nxg2 25. Ngf6+ Bxf6 26. Nxf6+ Ke7 27. Nxd7 Nxe1 28. Rxe1 Kxd7 29. Qe3 Rac8 30. d4 c4 31. d5 Bxd5 32. Qxa7+ Rc7 33. Qb6 Rb7 34. Qd6+ Kc8 35. Rb1 Rh8 36. Qc5+ Kd8 37. Rd1 Rd7 38. Qxb5 Rxh5 39. f3 g4 40. a4 gxf3 41. a5 Rb7 42. Qxb7 1-0

[Event "Ufa Dautov Memorial op"]
[Site "Ufa"]
[Date "2009.04.09"]
[Round "9"]
[White "Khairullin, Radik"]
[Black "Shaikhutdinova, Asija"]
[Result "1-0"]
[WhiteElo "1980"]
[BlackElo "1933"]
[PlyCount "95"]
[EventDate "2009.04.01"]
[EventType "swiss"]
[EventRounds "9"]
[EventCountry "RUS"]
[SourceTitle "CBM 130 Extra"]
[Source "ChessBase"]
[SourceDate "2009.07.02"]
[SourceVersion "2"]
[SourceVersionDate "2009.07.15"]
[SourceQuality "1"]

1. d4 Nf6 2. Bg5 c5 3. d5 Qb6 4. Bc1 g6 5. Nc3 Bg7 6. Nf3 d6 7. Nd2 Na6 8. Nc4 Qd8 9. e4 Bg4 10. f3 Bd7 11. a4 Nb4 12. Bg5 h6 13. Bh4 g5 14. Bf2 b6 15. Be2 Nh5 16. 0-0 Nf4 17. Be3 Qc8 18. g3 Ng6 19. f4 gxf4 20. gxf4 Rg8 21. Kh1 Qb7 22. Rg1 0-0-0 23. Bh5 Kb8 24. f5 Ne5 25. Nxe5 Bxe5 26. Bxf7 Rxg1+ 27. Bxg1 Rf8 28. Bh5 Rg8 29. Qe2 Qc8 30. Rf1 Bf6 31. Be3 Qf8 32. Bg6 Be5 33. Rg1 Qf6 34. a5 Bxc3 35. bxc3 Qxc3 36. axb6 axb6 37. Rc1 Qe5 38. Qf3 h5 39. Bf4 Qb2 40. Bg5 Rxg6 41. fxg6 Bg4 42. Qf8+ Kb7 43. Qxe7+ Ka6 44. Qf6 Qa3 45. Ra1 Na2 46. g7 Bf3+ 47. Kg1 Bxe4 48. g8Q 1-0

[Event "Ufa Dautov Memorial op"]
[Site "Ufa"]
[Date "2009.04.07"]
[Round "7"]
[White "Khairullin, Radik"]
[Black "Ivanov, Vladislav"]
[Result "1-0"]
[WhiteElo "1980"]
[BlackElo "1787"]
[PlyCount "43"]
[EventDate "2009.04.01"]
[EventType "swiss"]
[EventRounds "9"]
[EventCountry "RUS"]
[SourceTitle "CBM 130 Extra"]
[Source "ChessBase"]
[SourceDate "2009.07.02"]
[SourceVersion "2"]
[SourceVersionDate "2009.07.15"]
[SourceQuality "1"]

1. d4 Nf6 2. c4 g6 3. Nc3 Bg7 4. e4 d6 5. f3 0-0 6. Be3 e5 7. Qd2 Nc6 8. Nge2 a6 9. d5 Ne7 10. h4 c6 11. Bg5 cxd5 12. cxd5 b5 13. Nc1 Bd7 14. Be2 Rc8 15. Nd3 Nh5 16. g4 Ng3 17. Rg1 Nxe2 18. Qxe2 f6 19. Be3 Qa5 20. a3 Rc7 21. h5 g5 22. b4 1-0

[Event "Ufa Dautov Memorial op"]
[Site "Ufa"]
[Date "2009.04.05"]
[Round "5"]
[White "Khairullin, Radik"]
[Black "Kondaratsev, Denis"]
[Result "1-0"]
[WhiteElo "1980"]
[BlackElo "2059"]
[PlyCount "99"]
[EventDate "2009.04.01"]
[EventType "swiss"]
[EventRounds "9"]
[EventCountry "RUS"]
[SourceTitle "CBM 130 Extra"]
[Source "ChessBase"]
[SourceDate "2009.07.02"]
[SourceVersion "2"]
[SourceVersionDate "2009.07.15"]
[SourceQuality "1"]

1. d4 Nf6 2. c4 e6 3. Nf3 b6 4. g3 Bb7 5. Bg2 Be7 6. Nc3 Ne4 7. Qd3 Nxc3 8. Qxc3 0-0 9. 0-0 d6 10. Bf4 Bf6 11. Rfd1 Qe7 12. Qc2 c5 13. dxc5 dxc5 14. Bd6 Qe8 15. Bxf8 Kxf8 16. Qxh7 Bxb2 17. Rab1 Bf6 18. Qh8+ Ke7 19. Qxe8+ Kxe8 20. Ne1 Bxg2 21. Kxg2 Nc6 22. e3 Rd8 23. f4 e5 24. Kf3 exf4 25. gxf4 g5 26. Rxd8+ Kxd8 27. Nd3 gxf4 28. Kxf4 Ke7 29. Kg4 Bc3 30. Rc1 Bg7 31. h4 Bh6 32. Nf4 Kf6 33. Nd5+ Ke6 34. Kf3 Ne5+ 35. Ke2 Nxc4 36. Nc7+ Kd7 37. Rxc4 Kxc7 38. Rc1 Kd6 39. Rg1 b5 40. Rg8 a5 41. Ra8 Kd5 42. Rxa5 Kc4 43. Kd2 b4 44. Ra7 f5 45. Rh7 Bf8 46. Rf7 Bh6 47. Rxf5 Kb5 48. Kd3 Bg7 49. h5 Bc3 50. h6 1-0

[Event "Ufa Dautov Memorial op"]
[Site "Ufa"]
[Date "2009.04.04"]
[Round "4"]
[White "Churaev, Raif"]
[Black "Khairullin, Radik"]
[Result "1-0"]
[WhiteElo "2089"]
[BlackElo "1980"]
[PlyCount "129"]
[EventDate "2009.04.01"]
[EventType "swiss"]
[EventRounds "9"]
[EventCountry "RUS"]
[SourceTitle "CBM 130 Extra"]
[Source "ChessBase"]
[SourceDate "2009.07.02"]
[SourceVersion "2"]
[SourceVersionDate "2009.07.15"]
[SourceQuality "1"]

1. Nf3 d6 2. d4 Nd7 3. e4 e5 4. Bc4 Be7 5. dxe5 Nxe5 6. Nxe5 dxe5 7. Qh5 g6 8. Qxe5 Nf6 9. Bh6 Qd6 10. Qxd6 cxd6 11. Nc3 Be6 12. Bb5+ Bd7 13. Bxd7+ Nxd7 14. 0-0-0 a6 15. Bf4 Ne5 16. Nd5 Rc8 17. f3 Bd8 18. Bxe5 dxe5 19. Rd3 Bg5+ 20. Kb1 Rc5 21. Rc3 Rxc3 22. Nxc3 Ke7 23. Rd1 Ke6 24. Rd3 f5 25. a3 Rf8 26. Ka2 h5 27. Kb3 Be7 28. h3 Bh4 29. Rd1 Bf2 30. Rd2 Be3 31. Re2 Bg1 32. Re1 Bd4 33. Na2 g5 34. exf5+ Kxf5 35. Nc1 h4 36. Nd3 Re8 37. Re4 Re6 38. c3 Bg1 39. Kc4 Re8 40. Kb3 Re6 41. Kc2 Ba7 42. Nc1 Rd6 43. Nb3 Bg1 44. Nd2 Bh2 45. Rb4 Rd7 46. Ne4 Bg1 47. Rc4 Be3 48. Rc8 Kg6 49. Re8 Kf5 50. Rf8+ Ke6 51. Rf6+ Ke7 52. Rh6 Kf7 53. Rh7+ Ke6 54. Rxd7 Kxd7 55. Kd3 Bc1 56. Kc2 Be3 57. b3 Ke6 58. Kd3 Bc1 59. a4 b6 60. b4 Kd5 61. Nf2 Ba3 62. Kc2 a5 63. Ne4 axb4 64. Kb3 Bc1 65. cxb4 1-0

[Event "Ufa Siamidi Memorial op"]
[Site "Ufa"]
[Date "2008.09.20"]
[Round "9"]
[White "Guzairov, Arthur"]
[Black "Khairullin, Radik"]
[Result "0-1"]
[WhiteElo "2083"]
[BlackElo "2042"]
[PlyCount "114"]
[EventDate "2008.09.12"]
[EventType "swiss"]
[EventRounds "9"]
[EventCountry "RUS"]
[SourceTitle "EXT 2022"]
[Source "ChessBase"]
[SourceDate "2021.10.06"]
[SourceVersion "1"]
[SourceVersionDate "2021.10.06"]
[SourceQuality "1"]

1. e4 c5 2. c3 e6 3. d4 d5 4. e5 Nc6 5. Nf3 Qb6 6. Be2 Bd7 7. 0-0 Nge7 8. dxc5 Qxc5 9. b4 Qb6 10. b5 Na5 11. Be3 Qc7 12. Nbd2 Nf5 13. Bd4 b6 14. g4 Nxd4 15. cxd4 Ba3 16. Bd3 0-0 17. Qe2 Rac8 18. Rab1 Qb7 19. Bxh7+ Kh8 20. Bd3 g6 21. Qe3 Kg7 22. Bxg6 fxg6 23. Qxa3 Nc4 24. Qd3 Rf4 25. h3 Rh8 26. Kg2 Be8 27. Ng5 Qe7 28. Ndf3 Bd7 29. Rh1 a6 30. bxa6 Bc8 31. Kg3 Rff8 32. h4 Bxa6 33. h5 gxh5 34. Rxh5 Rxh5 35. gxh5 Rf5 36. h6+ Kh8 37. Rxb6 Rxg5+ 38. Nxg5 Qxg5+ 39. Kh2 Qxh6+ 40. Kg2 Qg5+ 41. Kh2 Qh4+ 42. Kg2 Qg4+ 43. Kh2 Nxb6 44. Qxa6 Qxd4 45. Qe2 Qh4+ 46. Kg1 Qg5+ 47. Kh1 Nc4 48. a4 Qxe5 49. Qa2 Kg7 50. Kg2 Qe1 51. Qb3 Kf6 52. Qf3+ Ke7 53. Qb3 Kd6 54. Qb8+ Kc5 55. Qa7+ Kb4 56. Kg3 Qe5+ 57. f4 Qe3+ 0-1

[Event "Ufa Siamidi Memorial op"]
[Site "Ufa"]
[Date "2008.09.16"]
[Round "5"]
[White "Khairullin, Radik"]
[Black "Glidzhain, Gor Mikhailovich"]
[Result "0-1"]
[WhiteElo "2042"]
[BlackElo "2171"]
[PlyCount "66"]
[EventDate "2008.09.12"]
[EventType "swiss"]
[EventRounds "9"]
[EventCountry "RUS"]
[SourceTitle "EXT 2022"]
[Source "ChessBase"]
[SourceDate "2021.10.06"]
[SourceVersion "1"]
[SourceVersionDate "2021.10.06"]
[SourceQuality "1"]

1. e4 c5 2. Nf3 d6 3. Nc3 Nf6 4. d4 cxd4 5. Nxd4 a6 6. f3 e5 7. Nb3 Be7 8. Be3 0-0 9. Qd2 Be6 10. Rd1 Nbd7 11. Be2 Rc8 12. 0-0 Qc7 13. Rc1 Rfd8 14. f4 b5 15. f5 Bc4 16. Rfd1 Nb6 17. Bf3 b4 18. Qf2 Rb8 19. Nb1 d5 20. N1d2 d4 21. Bg5 Ng4 22. Qh4 Bxg5 23. Qxg5 Nf6 24. h4 Bb5 25. Qg3 Na4 26. Qf2 Nxb2 27. Re1 a5 28. g4 a4 29. g5 Ne8 30. Rb1 axb3 31. Rxb2 bxc2 32. Nb3 d3 33. Qd2 Qc3 0-1

[Event "Ufa Siamidi Memorial op"]
[Site "Ufa"]
[Date "2008.09.14"]
[Round "3"]
[White "Khairullin, Radik"]
[Black "Tukhvatullin, Vladislav"]
[Result "0-1"]
[WhiteElo "2042"]
[BlackElo "2197"]
[PlyCount "74"]
[EventDate "2008.09.12"]
[EventType "swiss"]
[EventRounds "9"]
[EventCountry "RUS"]
[SourceTitle "EXT 2022"]
[Source "ChessBase"]
[SourceDate "2021.10.06"]
[SourceVersion "1"]
[SourceVersionDate "2021.10.06"]
[SourceQuality "1"]

1. e4 c5 2. Nf3 e6 3. d4 cxd4 4. Nxd4 Nf6 5. Bd3 Nc6 6. c3 d6 7. 0-0 Be7 8. Be3 Ne5 9. Be2 Nxe4 10. Nxe6 Bxe6 11. Qa4+ Qd7 12. Qxe4 0-0 13. f4 f5 14. Qc2 Nc6 15. Nd2 Bf6 16. Nf3 Qf7 17. Rad1 Rfd8 18. Nd4 Bxd4 19. Bxd4 Bd5 20. Rd2 Rac8 21. Bf2 b6 22. Qa4 Be4 23. Rfd1 Qe6 24. Bb5 Rc7 25. Bh4 Rdd7 26. Qa3 d5 27. Bf2 h6 28. Qa4 Kh7 29. Re1 g5 30. fxg5 hxg5 31. Re3 f4 32. Rh3+ Kg6 33. Bxc6 Rxc6 34. Qd4 Qg4 35. Be1 Bxg2 36. Rxg2 Qxh3 37. Qxf4 Qxg2+ 0-1

[Event "Ufa Cup 1st Stage"]
[Site "Ufa"]
[Date "2008.03.18"]
[Round "4"]
[White "Khairullin, Radik"]
[Black "Soldatov, Mikhail"]
[Result "0-1"]
[WhiteElo "1980"]
[BlackElo "1818"]
[PlyCount "112"]
[EventDate "2008.03.15"]
[EventType "swiss"]
[EventRounds "9"]
[EventCountry "RUS"]
[SourceTitle "EXT 2022"]
[Source "ChessBase"]
[SourceDate "2021.10.06"]
[SourceVersion "1"]
[SourceVersionDate "2021.10.06"]
[SourceQuality "1"]

1. d4 d5 2. c4 e6 3. Nc3 f5 4. g3 Nf6 5. Bg2 c6 6. Nh3 Be7 7. 0-0 0-0 8. f3 Qe8 9. Nf2 Bb4 10. e4 fxe4 11. fxe4 dxe4 12. Nfxe4 Nxe4 13. Bxe4 e5 14. Rxf8+ Bxf8 15. Qd3 h6 16. d5 Na6 17. dxc6 bxc6 18. Qf3 Bd7 19. Be3 Nc5 20. Bc2 Rb8 21. b3 a5 22. Ne4 Ne6 23. Qf5 Ng5 24. Qf1 Bh3 25. Qf2 Nxe4 26. Bxe4 Bb4 27. Bg2 Bxg2 28. Qxg2 Bc3 29. Rd1 a4 30. Qc2 Qh5 31. Rf1 Bd4 32. Bxd4 axb3 33. axb3 exd4 34. c5 Qd5 35. Rb1 d3 36. Qc3 d2 37. Rd1 Rxb3 38. Qxd2 Qxc5+ 39. Kh1 Rc3 40. Qe2 Qf5 41. Rf1 Qd5+ 42. Kg1 Rd3 43. Qf2 Rd2 44. Qf8+ Kh7 45. Rf2 Rd1+ 46. Rf1 Qd4+ 47. Kg2 Rd2+ 48. Kh3 Qd5 49. Rf2 Rxf2 50. Qxf2 c5 51. Qc2+ Kh8 52. Kg4 Qd4+ 53. Kf5 c4 54. Ke6 Qd3 55. Qc1 c3 56. Qf4 c2 0-1